|
|
|
|
| LEADER |
00000ny a22000003n 4500 |
| 005 |
2011060805375.0 |
| 008 |
080924s2005 sp r s 000 a0spa c |
| 035 |
|
|
|a 1124
|
| 040 |
|
|
|a UMA.RE
|d vLex
|
| 080 |
|
|
|a 368(460)(0.034)
|
| 090 |
|
|
|c 553
|d 553
|
| 245 |
0 |
0 |
|a Circulares del mediador de seguros
|h [Recurso electrn̤ico]
|c Planificacin̤ Jurd̕ica
|
| 256 |
|
|
|a Servicio en ln̕ea
|
| 260 |
|
|
|a [Barcelona][etc.] :
|b Planificacin̤ Jurd̕ica,
|c 2005
|
| 506 |
1 |
|
|a Contenido solo disponible en los productos indicados
|d vLex Global
|d vLex Global (Academic Edition, excluding Law Schools)
|d vLex Global (U.S. Academic Edition, Law Schools)
|d vLex Global (U.S. Academic Edition, excluding Law Schools)
|d vLex Global (Academic Edition, Law Schools)
|
| 650 |
0 |
7 |
|a Seguros
|2 Tesauro vLex
|
| 650 |
0 |
7 |
|a Mercantil
|2 Tesauro vLex
|
| 650 |
0 |
7 |
|a Mediadores de seguros
|2 Tesauro vLex
|
| 650 |
0 |
7 |
|a Contrato de mediacin̤ o corretaje
|2 Tesauro vLex
|
| 740 |
0 |
|
|a vLex Libros (Servicios en ln̕ea)
|
| 856 |
4 |
0 |
|u http://vlex.com/source/1124
|z Acceso restringido
|
| 942 |
|
|
|c BOOK
|
| 999 |
0 |
|
|a Commercial law
|b Barcelona
|